header

Scrambling for Africa : (Record no. 117942)

MARC details
000 -LEADER
fixed length control field 02104nam a2200433 i 4500
001 - CONTROL NUMBER
control field ebr10756205
003 - CONTROL NUMBER IDENTIFIER
control field CaPaEBR
006 - FIXED-LENGTH DATA ELEMENTS--ADDITIONAL MATERIAL CHARACTERISTICS--GENERAL INFORMATION
fixed length control field m o d
007 - PHYSICAL DESCRIPTION FIXED FIELD--GENERAL INFORMATION
fixed length control field cr cn|||||||||
008 - FIXED-LENGTH DATA ELEMENTS--GENERAL INFORMATION
fixed length control field 130110s2013 nyuab ob 001 0 eng|d
020 ## - INTERNATIONAL STANDARD BOOK NUMBER
Cancelled/invalid ISBN 9780801451959 (cloth : alk. paper)
Cancelled/invalid ISBN 9780801479175
International Standard Book Number 9780801469060 (e-book)
040 ## - CATALOGING SOURCE
Original cataloging agency CaPaEBR
Language of cataloging eng
Description conventions rda
-- pn
Transcribing agency CaPaEBR
035 ## - SYSTEM CONTROL NUMBER
System control number (OCoLC)859229486
043 ## - GEOGRAPHIC AREA CODE
Geographic area code f-ug---
-- n-us---
050 14 - LIBRARY OF CONGRESS CALL NUMBER
Classification number GN296.5.U33
Item number C73 2013eb
082 04 - DEWEY DECIMAL CLASSIFICATION NUMBER
Classification number 306.4/61096761
Edition number 23
100 1# - MAIN ENTRY--PERSONAL NAME
Personal name Crane, Johanna Tayloe.
245 10 - TITLE STATEMENT
Title Scrambling for Africa :
Remainder of title AIDS, expertise, and the rise of American global health science /
Statement of responsibility, etc Johanna Tayloe Crane.
264 #1 - PRODUCTION, PUBLICATION, DISTRIBUTION, MANUFACTURE, AND COPYRIGHT NOTICE
Place of production, publication, distribution, manufacture Ithaca :
Name of producer, publisher, distributor, manufacturer Cornell University Press,
Date of production, publication, distribution, manufacture, or copyright notice 2013.
300 ## - PHYSICAL DESCRIPTION
Extent 1 online resource (225 pages) :
Other physical details illustrations, map.
336 ## - CONTENT TYPE
Content type term text
Source rdacontent
337 ## - MEDIA TYPE
Media type term computer
Source rdamedia
338 ## - CARRIER TYPE
Carrier type term online resource
Source rdacarrier
490 1# - SERIES STATEMENT
Series statement Expertise : cultures and technologies of knowledge
504 ## - BIBLIOGRAPHY, ETC. NOTE
Bibliography, etc Includes bibliographical references and index.
505 0# - FORMATTED CONTENTS NOTE
Formatted contents note Resistant to treatment -- The molecular politics of HIV -- The turn towards Africa -- Research and development -- Doing global health.
588 ## - SOURCE OF DESCRIPTION NOTE
Source of description note Description based on print version record.
590 ## - LOCAL NOTE (RLIN)
Local note Electronic reproduction. Palo Alto, Calif. : ebrary, 2013. Available via World Wide Web. Access may be limited to ebrary affiliated libraries.
650 #0 - SUBJECT ADDED ENTRY--TOPICAL TERM
Topical term or geographic name as entry element Medical anthropology
Geographic subdivision Uganda.
Topical term or geographic name as entry element AIDS (Disease)
General subdivision Research
Geographic subdivision Uganda.
Topical term or geographic name as entry element Medical assistance, American
Geographic subdivision Uganda.
655 #0 - INDEX TERM--GENRE/FORM
Genre/form data or focus term Electronic books.
776 08 - ADDITIONAL PHYSICAL FORM ENTRY
Display text Print version:
Main entry heading Crane, Johanna Tayloe.
Title Scrambling for Africa : AIDS, expertise, and the rise of American global health science.
Place, publisher, and date of publication Ithaca : Cornell University Press, 2013
Physical description xiii, 208 pages
Series data for related item Expertise : cultures and technologies of knowledge
International Standard Book Number 9780801479175
Record control number (DLC) 2013001257
797 2# - LOCAL ADDED ENTRY--CORPORATE NAME (RLIN)
Corporate name or jurisdiction name as entry element ebrary.
830 #0 - SERIES ADDED ENTRY--UNIFORM TITLE
Uniform title Expertise (Ithaca, N.Y.)
856 40 - ELECTRONIC LOCATION AND ACCESS
Uniform Resource Identifier <a href="http://site.ebrary.com/lib/rucke/Doc?id=10756205">http://site.ebrary.com/lib/rucke/Doc?id=10756205</a>
Public note An electronic book accessible through the World Wide Web; click to view

No items available.

© 2026 Rongo University
Contact us: librarian | system librarian | Rongo university